000
00337nam a22001337a 4500
008
260327b ||||| |||| 00| 0 eng d
020
_a
9789951430326
041
_a
Shqip
080
_a
338.2
100
_a
32
101
_a
Tranzicioni
245
_a
Tranzicioni dhe Reformat Institucionale në Kosovë
_c
Muhamet Sadiku
942
_2
udc
_c
BK
999
_c
60947
_d
60947